The process of forest resource management by forestry community sre ambel district, koh kong province, ដំណើរការគ្រប់គ្រងធនធានព្រៃឈើដោយមានការចួលរួមពីសហគមន៍ព្រៃឈើឃុំដងពែង ស្រុកស្រែអំបិល ខេត្តកោះកុង (Record no. 4327)

000 -LEADER
fixed length control field 00739nam a22001577a 4500
003 - CONTROL NUMBER IDENTIFIER
control field OSt
005 - DATE AND TIME OF LATEST TRANSACTION
control field 20151210104256.0
008 - FIXED-LENGTH DATA ELEMENTS--GENERAL INFORMATION
fixed length control field 151210b xxu||||| |||| 00| 0 eng d
040 ## - CATALOGING SOURCE
Transcribing agency RUA
082 ## - DEWEY DECIMAL CLASSIFICATION NUMBER
Classification number ATM IM 2004 B205 Or.1
100 ## - MAIN ENTRY--PERSONAL NAME
9 (RLIN) 4644
Personal name IM, SAOVARITH
245 ## - TITLE STATEMENT
Title The process of forest resource management by forestry community sre ambel district, koh kong province, ដំណើរការគ្រប់គ្រងធនធានព្រៃឈើដោយមានការចួលរួមពីសហគមន៍ព្រៃឈើឃុំដងពែង ស្រុកស្រែអំបិល ខេត្តកោះកុង
260 ## - PUBLICATION, DISTRIBUTION, ETC. (IMPRINT)
Place of publication, distribution, etc. Phnom Penh
Name of publisher, distributor, etc. RUA
Date of publication, distribution, etc. 2004
300 ## - PHYSICAL DESCRIPTION
Extent vii, 50p.
Other physical details ill.
Dimensions 29cm.
942 ## - ADDED ENTRY ELEMENTS (KOHA)
Source of classification or shelving scheme
Koha item type ATM
Holdings
Price effective from Date last seen Permanent Location Not for loan Date acquired Date last checked out Source of classification or shelving scheme Total Checkouts Koha item type Barcode Lost status Damaged status Withdrawn status Current Location Full call number
2015-12-102015-12-10Library Block B 2015-12-10   ATMRUA034696   Library Block BATM IM 2004 B205 Or.1
2015-12-102015-12-10Library Block B 2015-12-10   ATMRUA033406   Library Block BATM IM 2004 B205 Or.2
2015-12-102015-12-10Library Block B 2015-12-10   ATMRUA033440   Library Block BATM IM 2004 B205 Or.3
2015-12-102015-12-10Library Block B 2015-12-10   ATMRUA039207   Library Block BATM IM 2004 B205 Or.4
2015-12-102023-02-24Library Block B 2015-12-102023-01-18 1ATMRUA038290   Library Block BATM IM 2004 B205 Or.5
2015-12-102015-12-10Library Block B 2015-12-10   ATMRUA039254   Library Block BATM IM 2004 B205 Or.6
2015-12-102015-12-10Library Block B 2015-12-10   ATMRUA039182   Library Block BATM IM 2004 B205 Or.7
2015-12-102015-12-10Library Block B 2015-12-10   ATMRUA038900   Library Block BATM IM 2004 B205 Or.8
មជ្ឈមណ្ឌលឯការនៃសាកលវិទ្យាល័យភូមិន្ទកសិកម្មចំការដូង

Powered by Koha